000 01338nam a2200325 c 4500
999 _c196696
_d196696
003 BLK
005 20191018114504.0
008 180411b bul|||||r ||||||| ||bul||
010 _aKNG00205969000
040 _aBLK
041 _aBUL
_cBUL
072 7 _2bullib
_aА
_xФонд Михаил Арнаудов
080 _aБългарска литература
_b821.163.2
_x-8
_z821.163.2-8
080 _aБългарска литература
_b821.163.2
_x.09
_z821.163.2.09
100 1 _aДелчев, Борис
_eпърви автор
_gСтойчев, Борис Делчев
_9363811
139 _aДелчев, Борис
_bД 39
245 1 0 _aМъките на реалиста
_bЛит. въпроси
_cБорис Делчев; * Борис Делчев Стойчев.
257 _aBGR
260 _bБълг. писател
_c1954
300 _a324 с.
_c17 см
380 _aX
490 _9396381
_aЧастна колекция - Академик Михаил Арнаудов
_gДарение - Основен фонд
500 _aФонд Михаил Арнаудов - отбелязва място в кн.: с. 153, 225,233, 237. - Твърда подв.
659 _aА
700 1 _aСтойчев, Борис Делчев
_e*
_9305605
852 _aЦб 8.170.43321
852 _aМА 1992
856 4 _qpdf
856 4 _qpdf
942 _cKNG
_n0
_s1
944 _aCR
_c10.05.2017
_kГеновева_Генчева
944 _aED
_c10.05.2017
_kГеновева_Генчева
999 _d196696